000
00326nam a2200133Ia 4500
008
191201s2009 xx 000 0 und d
082
_a
658.049
_b
SOM
100
_a
SOLOMON, Charlene M
245
0
_a
Managing Across cultures the seva...
260
_a
N. delhi
_b
T M C
_c
2009
300
_a
348
650
_a
MBA
942
_2
ddc
_c
BK
999
_c
5171
_d
5171